The fundamental rules of the Madras Government, corrected up to 30th June, 1966. (Record no. 80755)

MARC details
000 -LEADER
fixed length control field 01106cam a22002651 4500
001 - CONTROL NUMBER
control field sa 68005451
003 - CONTROL NUMBER IDENTIFIER
control field DLC
005 - DATE AND TIME OF LATEST TRANSACTION
control field 20260227112509.0
008 - FIXED-LENGTH DATA ELEMENTS--GENERAL INFORMATION
fixed length control field 710915s1966 ii 000 0 eng
010 ## - LIBRARY OF CONGRESS CONTROL NUMBER
LC control number sa 68005451 //r884
025 ## - OVERSEAS ACQUISITION NUMBER
Overseas acquisition number PL480:I-E-7441
040 ## - CATALOGING SOURCE
Original cataloging agency DLC
Transcribing agency DLC
Modifying agency DLC
043 ## - GEOGRAPHIC AREA CODE
Geographic area code a-ii---
050 00 - LIBRARY OF CONGRESS CALL NUMBER
Classification number JQ532.Z2
Item number A52
082 00 - DEWEY DECIMAL CLASSIFICATION NUMBER
Classification number 354.54/82/001
110 10 - MAIN ENTRY--CORPORATE NAME
Corporate name or jurisdiction name as entry element Madras (India : State)
245 14 - TITLE STATEMENT
Title The fundamental rules of the Madras Government, corrected up to 30th June, 1966.
250 ## - EDITION STATEMENT
Edition statement 2d ed.
260 0# - PUBLICATION, DISTRIBUTION, ETC.
Place of publication, distribution, etc. Madras,
Name of publisher, distributor, etc. Printed by the Director of Sationery and Print. on behalf of the Govt. of Madras,
Date of publication, distribution, etc. 1966.
300 ## - PHYSICAL DESCRIPTION
Extent ii, 426 p.
Dimensions 25 cm.
350 ## - PRICE (NR) (BK AM CF MU VM SE) [OBSOLETE]
Price Rs4.15
500 ## - GENERAL NOTE
General note Supplemented by "First list of corrections to the fundamental rules of the Madras Government, 2d. ed. (corr.) up to 30th June 1966 for the period from 1st July 1966 to 31st December 1970" (34 p. 25 cm.) with cover title and published: Madras, l971. At head of title: Govt. of Tamil Nadu.
651 #0 - SUBJECT ADDED ENTRY--GEOGRAPHIC NAME
Geographic name Tamil Nadu (India)
General subdivision Officials and employees
-- Salaries, etc.
710 10 - ADDED ENTRY--CORPORATE NAME
Corporate name or jurisdiction name as entry element Tamil Nadu (India)

No items available.

Powered by Koha